000 00528nam a2200205Ia 4500
005 20250425162802.0
008 250425s9999 xx 000 0 und d
020 _a96842210601
041 _aspa
082 _a503.21
100 _aPARKER, SYBIL P.
245 0 _aENCICLOPEDIA MCGRAW-HILL DE CIENCIA Y TECNOLOGÍA : T. VI T - Z
250 _a2A ED.
260 _aMEXICO
260 _aMéxico
_bMcGraw-Hill
_c1992
300 _a2415
650 _aENCICLOPEDIA DE CIENCIA Y TECNOLOGIA
942 _c01
010 _a108465
999 _c236397
_d236397